LEADER 01040nam0-22003131i-450- 001 990006323330403321 005 20071017145732.0 035 $a000632333 035 $aFED01000632333 035 $a(Aleph)000632333FED01 035 $a000632333 100 $a20000112d1905----km-y0itay50------ba 101 0 $afre 105 $a--------00-yy 200 1 $a<>congrégations non autorisées et leurs liquidateurs devant la loi de 1901$fFrancis J. Delasalle, Gustave Brunet, Edmond Duez$gavec une préface de M. Millerand 210 $aParis$cV. Giard & E. Brière$d1905 215 $aVIII,, 296 p.$d22 cm 676 $a262.136 700 1$aDelasalle,$bFrancis J.$0238213 702 1$aBrunet,$bPierre-Gustave$f<1807-1896> 702 1$aDuez,$bEdmond 702 1$aMillerand,$bM. 801 0$aIT$bUNINA$gRICA$2UNIMARC 901 $aBK 912 $a990006323330403321 952 $aII H 23$b194$fFGBC 959 $aFGBC 996 $aCongrégations non autorisées et leurs liquidateurs devant la loi de 1901$9655496 997 $aUNINA LEADER 00874nam0-2200301---450 001 990004662230403321 005 20180406103934.0 035 $a000466223 100 $a19990604d1980----km-y0itay50------ba 101 1 $aita 102 $aIT 105 $ay-------001yy 200 1 $a<>vita quotidiana secondo San Benedetto$fLéo Moulin 210 $aMilano$cJaca Book$d1980 215 $a89 p.$d18 cm 225 1 $aGià e non ancora$iPocket$v46 610 0 $aBenedettini 610 0 $aBenedetto : da Norcia 676 $a255.1060922 700 1$aMoulin,$bLéo$0343948 801 0$aIT$bUNINA$gRICA$2UNIMARC 901 $aBK 912 $a990004662230403321 952 $a271.1 MOU 1$bIst.st.fil.7413$fFLFBC 952 $a271.1 MOU 1 BIS$bST.MED.MOD. 10197$fFLFBC 959 $aFLFBC 996 $aVita quotidiana secondo San Benedetto$9553347 997 $aUNINA